| 000 | 00507nam a2200157Ia 4500 | ||
|---|---|---|---|
| 999 |
_c18739 _d18739 |
||
| 003 | OSt | ||
| 005 | 20200701130246.0 | ||
| 008 | 190216s9999||||xx |||||||||||||| ||und|| | ||
| 040 | _coclc | ||
| 082 |
_a909.0974927082 _bWIL/B |
||
| 100 |
_aWilliams, Ann _93402 |
||
| 245 | 0 |
_aBritain And France In The Middle East And North Africa 1914-1967 / _cAnn Williams |
|
| 260 |
_bMacmillan, _c1968. _aLondon: |
||
| 300 | _a194p | ||
| 942 |
_cBK _2ddc _h909.0974927082 _iWIL/B _k909.0974927082 _mWIL/B |
||